Supreme Court politics : (Record no. 41786)
[ view plain ]
| 000 -LEADER | |
|---|---|
| fixed length control field | 01234cam a2200313 a 4500 |
| 001 - CONTROL NUMBER | |
| control field | 4905168 |
| 003 - CONTROL NUMBER IDENTIFIER | |
| control field | OSt |
| 005 - DATE AND TIME OF LATEST TRANSACTION | |
| control field | 20221004102514.0 |
| 008 - FIXED-LENGTH DATA ELEMENTS--GENERAL INFORMATION | |
| fixed length control field | 940303s1994 mnu b 001 0 eng |
| 010 ## - LIBRARY OF CONGRESS CONTROL NUMBER | |
| LC control number | 94009272 |
| 020 ## - INTERNATIONAL STANDARD BOOK NUMBER | |
| International Standard Book Number | 0314034927 (acidfree paper) |
| 040 ## - CATALOGING SOURCE | |
| Original cataloging agency | DLC |
| Transcribing agency | DLC |
| Modifying agency | DLC |
| 043 ## - GEOGRAPHIC AREA CODE | |
| Geographic area code | n-us--- |
| 050 00 - LIBRARY OF CONGRESS CALL NUMBER | |
| Classification number | KF8742 |
| Item number | .B62 |
| 082 00 - DEWEY DECIMAL CLASSIFICATION NUMBER | |
| Classification number | 347.73/26 |
| -- | 347.30735 |
| Edition number | 20 |
| 100 1# - MAIN ENTRY--PERSONAL NAME | |
| Personal name | Bloch, Susan Low. |
| 9 (RLIN) | 9744 |
| 245 10 - TITLE STATEMENT | |
| Title | Supreme Court politics : |
| Remainder of title | the institution and its procedures / |
| Statement of responsibility, etc. | by Susan Low Bloch, Thomas G. Krattenmaker. |
| 260 ## - PUBLICATION, DISTRIBUTION, ETC. | |
| Place of publication, distribution, etc. | St. Paul, Minn. : |
| Name of publisher, distributor, etc. | West Pub. Co., |
| Date of publication, distribution, etc. | 1994. |
| 300 ## - PHYSICAL DESCRIPTION | |
| Extent | xxi, 698 p. ; |
| Dimensions | 26 cm. + |
| Accompanying material | teacher's manual. |
| 504 ## - BIBLIOGRAPHY, ETC. NOTE | |
| Bibliography, etc. note | Includes bibliographical references (p. ix-xiii) and index. |
| 610 10 - SUBJECT ADDED ENTRY--CORPORATE NAME | |
| Corporate name or jurisdiction name as entry element | United States. |
| Subordinate unit | Supreme Court. |
| 9 (RLIN) | 381 |
| 610 10 - SUBJECT ADDED ENTRY--CORPORATE NAME | |
| Corporate name or jurisdiction name as entry element | United States. |
| Subordinate unit | Supreme Court |
| General subdivision | Officials and employees |
| -- | Selection and appointment. |
| 9 (RLIN) | 9745 |
| 650 #0 - SUBJECT ADDED ENTRY--TOPICAL TERM | |
| Topical term or geographic name entry element | Judicial process |
| Geographic subdivision | United States. |
| 9 (RLIN) | 9746 |
| 650 #0 - SUBJECT ADDED ENTRY--TOPICAL TERM | |
| Topical term or geographic name entry element | Judicial review |
| Geographic subdivision | United States. |
| 9 (RLIN) | 9201 |
| 700 1# - ADDED ENTRY--PERSONAL NAME | |
| Personal name | Krattenmaker, Thomas G., |
| Dates associated with a name | 1943- |
| 9 (RLIN) | 9747 |
| 906 ## - LOCAL DATA ELEMENT F, LDF (RLIN) | |
| a | 7 |
| b | cbc |
| c | orignew |
| d | 1 |
| e | ocip |
| f | 19 |
| g | y-gencatlg |
| 942 ## - ADDED ENTRY ELEMENTS (KOHA) | |
| Source of classification or shelving scheme | Library of Congress Classification |
| Koha item type | Books |
No items available.